Black Country, New Road - For the Cold Country lyrics - Statistics

General Stats
  • This quiz has been taken 9 times
  • The average score is 222 of 394
Answer Stats
Answer % Correct
a
100%
arm
100%
armour
100%
He
100%
he
100%
I
100%
kite
100%
Kite
100%
the
100%
The
100%
to
100%
with
100%
With
100%
be
83%
Can
83%
cup
83%
knight
83%
me
83%
of
83%
or
83%
sit
83%
try
83%
you
83%
ah
67%
ah-ah-ah
67%
Ah-ah-ah-ah
67%
ah-ah-ah-ah
67%
Ah-ah-ah-ah-ah
67%
Ah-ah-ah-ah-ah-ah-ah
67%
and
67%
And
67%
are
67%
Are
67%
coffee
67%
could
67%
down
67%
fight
67%
for
67%
here
67%
I'd
67%
it
67%
know
67%
moon
67%
not
67%
off
67%
on
67%
shield
67%
then
67%
Then
67%
there
67%
we
67%
We
67%
will
67%
all
50%
All
50%
am
50%
best
50%
blade
50%
But
50%
but
50%
cave
50%
eye
50%
fighter
50%
had
50%
heart
50%
he'd
50%
helmet
50%
I'll
50%
in
50%
In
50%
Into
50%
into
50%
iron
50%
is
50%
it's
50%
its
50%
just
50%
life
50%
light
50%
lighter
50%
like
50%
little
50%
make
50%
Make
50%
memories
50%
metal-clad
50%
might
50%
my
50%
My
50%
next
50%
Now
50%
now
50%
own
50%
proud
50%
see
50%
so
50%
take
50%
Take
50%
think
50%
throw
50%
trees
50%
what
50%
where
50%
Where
50%
while
50%
wind
50%
wood
50%
your
50%
accolade
33%
accuse
33%
afraid
33%
alliance
33%
anyone
33%
beacon
33%
beckons
33%
become
33%
been
33%
begins
33%
behave
33%
betrayed
33%
beyond
33%
brawls
33%
brigade
33%
brings
33%
caved
33%
clock
33%
crawls
33%
crown
33%
dark
33%
decayed
33%
defend
33%
Everything
33%
fades
33%
failed
33%
falls
33%
fish
33%
gavel
33%
ghost
33%
gone
33%
grows
33%
hammer
33%
hand
33%
heavy
33%
Hey
33%
hole
33%
If
33%
indulge
33%
Lanterns
33%
listening
33%
lived
33%
lost
33%
Melt
33%
must
33%
Oh
33%
our
33%
out
33%
Over
33%
place
33%
promise
33%
recoiled
33%
remain
33%
Roots
33%
'round
33%
silver
33%
sky
33%
soars
33%
speak
33%
stay
33%
stiffened
33%
still
33%
stood
33%
that
33%
That
33%
their
33%
they
33%
thought
33%
tide
33%
tighter
33%
toiled
33%
towards
33%
turns
33%
Up
33%
Watch
33%
way
33%
weeping
33%
where's
33%
Where's
33%
Wipe
33%
wooden
33%
wrap
33%
wrist
33%
beds
17%
blowing
17%
burn
17%
cavalries
17%
coming
17%
fights
17%
fought
17%
from
17%
heads
17%
high
17%
hold
17%
hurtle
17%
lie
17%
Lightning
17%
moments
17%
moss
17%
palms
17%
rain's
17%
rest
17%
rider
17%
roars
17%
searched
17%
stops
17%
striking
17%
strings
17%
through
17%
Thunder
17%
ticks
17%
tried
17%
Which
17%
wind's
17%
ah-ah-ah
0%
Ah-ah-ah-ah
0%
ah-ah-ah-ah
0%
Ah-ah-ah-ah-ah
0%
Ah-ah-ah-ah-ah-ah-ah
0%
Clammed
0%
closer
0%
hands
0%
home
0%
reach
0%
Shredded
0%
sun's
0%
together
0%
Won't
0%
No matching quizzes found
Score Distribution
Percent of People with Each Score
Percentile by Number Answered
Your Score History
You have not taken this quiz